Pakistan Dunya-i-Islam ki Pehli Atomi Qowat (Record no. 5203)
[ view plain ]
| 000 -LEADER | |
|---|---|
| fixed length control field | 00365 a2200133 4500 |
| 082 ## - DEWEY DECIMAL CLASSIFICATION NUMBER | |
| Classification number | 954.95494 |
| 090 ## - LOCALLY ASSIGNED LC-TYPE CALL NUMBER (OCLC); LOCAL CALL NUMBER (RLIN) | |
| -- | 1245 |
| -- | 1245 |
| 100 ## - MAIN ENTRY--PERSONAL NAME | |
| Personal name | Jah, S. Asif. |
| 245 ## - TITLE STATEMENT | |
| Title | Pakistan Dunya-i-Islam ki Pehli Atomi Qowat |
| Statement of responsibility, etc. | S. Asif Jah, |
| 260 ## - PUBLICATION, DISTRIBUTION, ETC. | |
| Place of publication, distribution, etc. | Lahore: |
| Name of publisher, distributor, etc. | Alhamad publications, |
| Date of publication, distribution, etc. | 1999. |
| 300 ## - PHYSICAL DESCRIPTION | |
| Extent | 304 p. ; |
| Dimensions | 23 cm. |
| 500 ## - GENERAL NOTE | |
| General note | Includes Index |
| 942 ## - ADDED ENTRY ELEMENTS (KOHA) | |
| Koha item type | Book |
| Call number prefix | 954.95494 JAH |
| Withdrawn status | Lost status | Damaged status | Not for loan | Collection code | Permanent Location | Current Location | Shelving location | Date acquired | Cost, normal purchase price | Total Checkouts | Full call number | Barcode | Date last seen | Price effective from | Koha item type |
|---|---|---|---|---|---|---|---|---|---|---|---|---|---|---|---|
| Central Library (CL) | Central Library (CL) | General Stacks | 12/09/2000 | 400.00 | 954.95494 JAH | SEECS000749 | 11/14/2012 | 01/05/2017 | Book |
